00511 2200217 4500001002100000005001700021020002200038035002500060040001200085082001000097084001600107090001800123100001700141245002000158260002800178300002700206650001600233850001200249990001600261990001600277YOGYA00000000002357320150624113114.0 a978-979-075-354-9 a0010-081400000023291 aYOPDYOG a028.5 a028.5 Gar B aK 028.5 Gar B aLynne Garner aBuku Untuk Lulu aJakartabErlanggac2009 a12 Hlm.bIlus.c26 cm. aBacaan Anak aYOPDYOG a299-PD/B.11 a301-PD/B.11